[Event "Novosibirsk Seniors op"]
[Site "Novosibirsk"]
[Date "2010.09.30"]
[Round "6"]
[White "Kozhemyako, Valery"]
[Black "Popova, Adelanda"]
[Result "1/2-1/2"]
[WhiteElo "1503"]
[BlackElo "1632"]
[PlyCount "92"]
[EventDate "2010.09.24"]
[EventType "swiss"]
[EventRounds "9"]
[EventCountry "RUS"]
[SourceTitle "EXT 2014"]
[Source "ChessBase"]
[SourceDate "2013.11.20"]
[SourceVersion "1"]
[SourceVersionDate "2013.11.20"]
[SourceQuality "1"]

1. e4 d6 2. d4 Nf6 3. Nc3 g6 4. f4 c6 5. Nf3 Bg7 6. Be2 0-0 7. 0-0 Nbd7 8. Be3 b5 9. Ng5 a6 10. Bf3 Bb7 11. Ne2 e6 12. Qe1 h6 13. Nh3 a5 14. e5 Ne4 15. Ng3 Nxg3 16. Qxg3 Kh7 17. c3 Qe7 18. Be2 f5 19. Nf2 Rg8 20. Nh3 Bf8 21. Nf2 Qg7 22. h4 Be7 23. Nh3 Nf8 24. Bf2 Kh8 25. Kh2 Rc8 26. Rh1 Nh7 27. Kg1 Qf8 28. Qh2 h5 29. Ng5 Bxg5 30. hxg5 Rg7 31. b4 Qf7 32. a4 Nf8 33. g4 fxg4 34. Bxg4 Rh7 35. Bh3 Rc7 36. bxa5 Bc8 37. Rf1 Qg7 38. Bh4 Rf7 39. Qc2 Qg8 40. Rh2 Rhg7 41. Bg3 Rh7 42. Rff2 Rhg7 43. Qe2 Rh7 44. Qe3 Bd7 45. Rf3 Bc8 46. Kg2 Rhg7 1/2-1/2